000 00298nam a22001337a 4500
008 181101b xxu||||| |||| 00| 0 eng d
020 _a9780646187129
041 _aeng
080 _a615.83
100 _a8
101 _aEGZ
245 _aOvercome neck & back pain
_cLaughlin,K
942 _2udc
_cBK
999 _c51414
_d51414